The Asymmetric Effects of Monetary Policy on Job Creation and Destruction /

This paper presents theory and evidence on the asymmetric effects of monetary policy on job creation and job destruction. First, it solves a dynamic matching model and it shows how interest rate changes result in an asymmetric response of job creation and destruction. Second, it looks at how changes...

ver descrição completa

Detalhes bibliográficos
Autor principal: Garibaldi, Pietro
Formato: Periódico
Idioma:English
Publicado em: Washington, D.C. : International Monetary Fund, 1997.
Colecção:IMF Working Papers; Working Paper ; No. 1997/057
Acesso em linha:Full text available on IMF
LEADER 01624cas a2200241 a 4500
001 AALejournalIMF007406
008 230101c9999 xx r poo 0 0eng d
020 |c 5.00 USD 
020 |z 9781451967555 
022 |a 1018-5941 
040 |a BD-DhAAL  |c BD-DhAAL 
100 1 |a Garibaldi, Pietro. 
245 1 4 |a The Asymmetric Effects of Monetary Policy on Job Creation and Destruction /  |c Pietro Garibaldi. 
264 1 |a Washington, D.C. :  |b International Monetary Fund,  |c 1997. 
300 |a 1 online resource (30 pages) 
490 1 |a IMF Working Papers 
500 |a <strong>Off-Campus Access:</strong> No User ID or Password Required 
500 |a <strong>On-Campus Access:</strong> No User ID or Password Required 
506 |a Electronic access restricted to authorized BRAC University faculty, staff and students 
520 3 |a This paper presents theory and evidence on the asymmetric effects of monetary policy on job creation and job destruction. First, it solves a dynamic matching model and it shows how interest rate changes result in an asymmetric response of job creation and destruction. Second, it looks at how changes in the federal fund rate affect gross job flows in the U.S. manufacturing industry, and it finds evidence of asymmetry. Tight policy increases job destruction and reduces net employment changes. Conversely, easy policy appears ineffective in stimulating job creation. 
538 |a Mode of access: Internet 
830 0 |a IMF Working Papers; Working Paper ;  |v No. 1997/057 
856 4 0 |z Full text available on IMF  |u http://elibrary.imf.org/view/journals/001/1997/057/001.1997.issue-057-en.xml  |z IMF e-Library